Fuerzas armadas y transición democrática: elementos para un estudio comparado

Tallennettuna:
Bibliografiset tiedot
Päätekijä: Gomariz Moraga, Enrique
Aineistotyyppi: Teksti
Julkaistu: s.l: s.e.
Tagit: Lisää tagi
Ei tageja, Lisää ensimmäinen tagi!

MARC

LEADER 00000 a a2200000 04500
001 25126
003
040
090 |a 182100  
100 |a Gomariz Moraga, Enrique  
245 |a Fuerzas armadas y transición democrática: elementos para un estudio comparado  
260 |a s.l:   |b s.e.  
300 |a 25 p.  
999 |c 13803  |d 13803